Sports Quiz

Random Sports or Football Quiz

Monday Night Football QB's Quiz Stats

 Plays Quiz not verified by Sporcle

Support Sporcle.
Go Orange.
Score 0/295 Timer 20:00
0 Plays Today
Games Quarterback % Correct
38Brett Favre
100%
37Dan Marino
100%
24Joe Montana
100%
23John Elway
100%
22Troy Aikman
100%
21Steve Young
100%
19Peyton Manning
100%
16Eli Manning
100%
6Archie Manning
100%
4Vince Young
100%
22Tom Brady
99.4%
21Terry Bradshaw
99.4%
18Drew Brees
99.4%
18Phil Simms
99.4%
20Jim Kelly
98.7%
17Donovan McNabb
98.7%
15Ben Roethlisberger
98.1%
13Drew Bledsoe
98.1%
11Aaron Rodgers
98.1%
16Philip Rivers
97.4%
16Roger Staubach
97.4%
15Jay Cutler
97.4%
19Dan Fouts
96.8%
21Ken Stabler
94.8%
12Steve McNair
94.2%
8Kurt Warner
94.2%
16Joe Theismann
93.5%
12Brad Johnson
92.9%
1Doug Johnson
92.9%
1Rob Johnson
92.9%
13Ken Anderson
92.3%
5Charley Johnson
92.3%
2Derek Anderson
92.3%
1Randy Johnson
92.3%
9Joe Flacco
91.6%
13Bob Griese
91%
10Brian Griese
91%
8Alex Smith
91%
8Carson Palmer
90.3%
7Tony Romo
90.3%
3Geno Smith
90.3%
1Troy Smith
90.3%
7Marc Wilson
89.7%
6Wade Wilson
89.7%
5Russell Wilson
89.7%
20Danny White
89%
13Fran Tarkenton
88.4%
10Michael Vick
88.4%
10Warren Moon
88.4%
11Boomer Esiason
87.7%
6Doug Williams
87.1%
13Rich Gannon
86.5%
10Kerry Collins
86.5%
10Mark Brunell
86.5%
7Jeff Garcia
86.5%
5Daunte Culpepper
86.5%
17Jim Plunkett
85.8%
10Randall Cunningham
85.8%
8Matt Ryan
85.8%
2Todd Collins
85.8%
2Pat Ryan
85.2%
10Vinny Testaverde
84.5%
7Jim McMahon
84.5%
7Matthew Stafford
84.5%
1Mike McMahon
84.5%
4Matt Hasselbeck
83.2%
11Bernie Kosar
82.6%
9Kordell Stewart
82.6%
7Trent Green
81.3%
4Andy Dalton
81.3%
6Jake Delhomme
80.6%
4Cam Newton
80.6%
10Mark Rypien
79.4%
9Jim Harbaugh
79.4%
5Andrew Luck
79.4%
5Chad Pennington
79.4%
5Colin Kaepernick
79.4%
6Joe Namath
78.7%
17Dave Krieg
78.1%
5Jake Plummer
78.1%
5Matt Cassel
77.4%
14Jim Everett
76.8%
8Mark Sanchez
75.5%
10Jeff George
74.8%
5Bert Jones
74.8%
1J.J. Jones
74.8%
1June Jones
74.8%
6Len Dawson
72.9%
6Matt Schaub
72.9%
4Sam Bradford
72.3%
10Jeff Hostetler
71.6%
6Kyle Orton
71.6%
6Ron Jaworski
71.6%
10Elvis Grbac
71%
8Marc Bulger
71%
7Neil O'Donnell
71%
4Tarvaris Jackson
71%
11Ken O'Brien
70.3%
3Rex Grossman
70.3%
Games Quarterback % Correct
4David Garrard
69.7%
4Ryan Tannehill
69.7%
9Craig Morton
69%
11Steve Grogan
68.4%
3Robert Griffin
68.4%
3Trent Dilfer
67.7%
7Brian Sipe
66.5%
2Johnny Unitas
66.5%
4Aaron Brooks
65.8%
1Bart Starr
65.2%
8Erik Kramer
64.5%
8Tommy Kramer
64.5%
4Jim Zorn
63.9%
4Chris Chandler
63.2%
6Jason Campbell
62.6%
2Nick Foles
62.6%
1Quincy Carter
62.6%
10Steve Bartkowski
61.9%
1Virgil Carter
61.9%
4Tommy Maddox
61.3%
3Josh McCown
61.3%
2Ryan Fitzpatrick
61.3%
6Vince Ferragamo
60%
13Joe Ferguson
59.4%
7Jim Hart
59.4%
6Scott Mitchell
59.4%
8Stan Humphries
58.7%
2Jim Miller
58.7%
4Tony Eason
58.1%
1Doug Flutie
58.1%
1Byron Leftwich
58.1%
1Chris Miller
58.1%
5Neil Lomax
56.8%
5Jay Fiedler
56.1%
4Dave Brown
56.1%
4Shaun King
56.1%
2JaMarcus Russell
55.5%
9Jay Schroeder
54.8%
2Jon Kitna
54.8%
2Sonny Jurgensen
54.8%
9Richard Todd
54.2%
5Lynn Dickey
54.2%
4Daryle Lamonica
54.2%
9Billy Kilmer
53.5%
7Roman Gabriel
53.5%
2Kirk Cousins
53.5%
6Bobby Hebert
52.9%
3Earl Morrall
52.9%
2Joey Harrington
52.9%
11David Woodley
52.3%
1Tyrod Taylor
52.3%
6Bubby Brister
51.6%
5Steve DeBerg
51.6%
2Charlie Batch
50.3%
5John Hadl
49.7%
8Dan Pastorini
49%
3Chad Henne
49%
5Rodney Peete
47.7%
3Kyle Boller
47.1%
2Josh Freeman
47.1%
1Teddy Bridgewater
47.1%
4Mark Malone
46.5%
11Mike Tomczak
45.8%
9Pat Haden
45.2%
5Vince Evans
45.2%
8Greg Landry
44.5%
2Gus Frerotte
44.5%
1Christian Ponder
43.9%
2Blaine Gabbert
43.2%
2Matt Leinart
43.2%
1Brian Hoyer
41.9%
2Steve Beuerlein
40%
1Shaun Hill
40%
1John Brodie
39.4%
5James Harris
38.7%
5Steve Bono
38.7%
3Trent Edwards
38.7%
2Brady Quinn
38.7%
1Colt McCoy
38.7%
1Jonathan Quinn
38.7%
1Jake Locker
38.1%
3Anthony Wright
37.4%
1Randy Wright
37.4%
4Don Strock
36.8%
4Gary Danielson
36.8%
2Jeff Kemp
36.1%
1Seneca Wallace
35.5%
1Tony Banks
35.5%
3Eric Hipple
34.8%
1Austin Davis
34.8%
1Brock Osweiler
34.8%
1Matt Moore
34.8%
3Ty Detmer
33.5%
1A.J. Feeley
33.5%
1Koy Detmer
33.5%
3Bobby Douglass
32.9%
2David Whitehurst
32.9%
2Rick Mirer
32.9%
2Bill Kenney
32.3%
Games Quarterback % Correct
2Kent Graham
32.3%
1Todd Marinovich
31.6%
1Patrick Ramsey
31%
1Andre Ware
29.7%
1A.J. McCarron
29%
1Jack Thompson
29%
4Steve Fuller
28.4%
3Mike Phipps
28.4%
1Curtis Painter
28.4%
1Joe Webb
28.4%
1Frank Reich
27.7%
4Bob Lee
27.1%
1Billy Volek
27.1%
1Steve Walsh
25.8%
1Kelly Holcomb
25.2%
3Cody Carlson
24.5%
3Dieter Brock
24.5%
3Norm Snead
24.5%
2Billy Joe Tolliver
24.5%
1Mike Glennon
24.5%
4Bob Avellini
23.9%
2Matt Robinson
23.9%
1Bruce Gradkowski
23.9%
1Gary Hogeboom
23.9%
1Gary Kubiak
23.9%
1Sage Rosenfels
23.9%
1Terrelle Pryor
23.9%
1Chuck Long
23.2%
1Kellen Clemens
23.2%
4Mike Livingston
22.6%
1Cliff Stoudt
22.6%
1Tim Rattay
21.9%
4Scott Hunter
21.3%
3Ray Lucas
21.3%
1Jack Trudeau
21.3%
2Chris Redman
20.6%
2Danny Kanell
20.6%
2Joe Pisarcik
20.6%
1John Skelton
20.6%
1Zach Mettenberger
20.6%
3Scott Brunner
18.7%
1Jason Garrett
18.1%
1Steve Spurrier
18.1%
1Joe Gilliam
17.4%
4Steve Pelluer
16.8%
1Terry Hanratty
16.8%
1Ken Dorsey
16.1%
1Mike Pagel
16.1%
1Brooks Bollinger
15.5%
3Bill Nelsen
14.8%
1Norris Weese
14.8%
1Shane Matthews
14.8%
2Paul McDonald
14.2%
1Kelly Stouffer
14.2%
4Gary Cuozzo
13.5%
2Jerry Tagge
13.5%
1Andrew Walter
13.5%
1John Beck
13.5%
1Browning Nagle
12.9%
2Bill Munson
12.3%
3Bob Berry
11.6%
3Steve Dils
11.6%
2Matt Cavanaugh
11.6%
1Jack Concannon
11%
1Jeff Rutledge
11%
1Spergon Wynn
11%
2John Fourcade
10.3%
1Sean Salisbury
10.3%
1Eric Zeier
9.7%
1Don Horn
9%
1Tyler Palko
8.4%
1Bob Gagliano
7.7%
1Joe Reed
7.7%
1Craig Penrose
7.1%
1Pete Beathard
7.1%
1Peter Tom Willis
7.1%
2Mike Boryla
6.5%
1Al Woodall
6.5%
1John Reaves
6.5%
1Marty Domres
6.5%
2Gary Huff
5.8%
2Scott Bull
5.8%
1Steve Stenstrom
5.2%
1Ed Rubbert
4.4%
2Ed Luther
3.9%
1Dennis Morrison
3.9%
1Tony Graziani
3.9%
1Gary Marangi
3.2%
1Bill Troup
2.6%
1Dick Shiner
2.6%
1Mike Kirkland
2.6%
1Scott Covington
2.6%
1Cary Conklin
1.9%
1John Hufnagel
1.9%
1Jim Crocicchia
1.3%
1Ken Karcher
1.3%
1Tom Flick
1.3%

You're not logged in!

Compare scores with friends on all Sporcle quizzes.
OR
Log In

From the Vault

Risky Map Clicking: Previous State Alphabetically

by sproutcm

The only way to make this more risky would be to play while walking on a tight rope.
Remove Ads.
Support Sporcle.
Get the best of Sporcle when you Go Orange. This ad-free experience offers more features, more stats, and more fun while also helping to support Sporcle. Thank you for becoming a member.

Show Comments

Extras

Top Quizzes Today


Score Distribution

Your Account Isn't Verified!

In order to create a playlist on Sporcle, you need to verify the email address you used during registration. Go to your Sporcle Settings to finish the process.

Report this User

Report this user for behavior that violates our Community Guidelines.

Details: